<?xml version="1.0" encoding="UTF-8"?>
<record
    xmlns:xsi="http://www.w3.org/2001/XMLSchema-instance"
    xsi:schemaLocation="http://www.loc.gov/MARC21/slim http://www.loc.gov/standards/marcxml/schema/MARC21slim.xsd"
    xmlns="http://www.loc.gov/MARC21/slim">

  <leader>01027naa a22002057i 4500</leader>
  <controlfield tag="003">KOSZ 005</controlfield>
  <controlfield tag="005">20180411144852.0</controlfield>
  <controlfield tag="008">160308s2007        ||||| ||||0|| 0 pol  </controlfield>
  <datafield tag="035" ind1=" " ind2=" ">
    <subfield code="a">PBN-R:247679</subfield>
  </datafield>
  <datafield tag="040" ind1=" " ind2=" ">
    <subfield code="c">KOSZ 005/md</subfield>
    <subfield code="a">PBN-ID</subfield>
    <subfield code="d">KOSZ 005/HR</subfield>
  </datafield>
  <datafield tag="041" ind1="0" ind2=" ">
    <subfield code="a">pol</subfield>
  </datafield>
  <datafield tag="080" ind1=" " ind2=" ">
    <subfield code="a">001</subfield>
  </datafield>
  <datafield tag="100" ind1="1" ind2=" ">
    <subfield code="a">ROSA, Anna.</subfield>
    <subfield code="d">2001 - .</subfield>
    <subfield code="b">Politechnika Koszali&#x144;ska - Instytut Ekonomii i Zarz&#x105;dzania,</subfield>
    <subfield code="c">Zak&#x142;ad Finans&#xF3;w</subfield>
  </datafield>
  <datafield tag="245" ind1="1" ind2="0">
    <subfield code="a">7 program ramowy jako instrument s&#x142;u&#x17C;&#x105;cy do finansowania bada&#x144; w Europie /</subfield>
    <subfield code="c">Anna Rosa.</subfield>
  </datafield>
  <datafield tag="490" ind1="1" ind2=" ">
    <subfield code="a">Zeszyty Naukowe Pa&#x144;stwowej Wy&#x17C;szej Szko&#x142;y Zawodowej w P&#x142;ocku. Nauki Ekonomiczne.</subfield>
    <subfield code="x">1644-888X ;</subfield>
    <subfield code="v">t. 7</subfield>
  </datafield>
  <datafield tag="650" ind1=" " ind2="0">
    <subfield code="a">Nauka - finansowanie.</subfield>
  </datafield>
  <datafield tag="773" ind1="0" ind2=" ">
    <subfield code="i">W:</subfield>
    <subfield code="t">Problemy szkolnictwa wy&#x17C;szego w XXI wieku : szanse i zagro&#x17C;enia / pod red. J. Grzywacza, M. Bur&#x17C;ackiej-Majcher. -</subfield>
    <subfield code="d">P&#x142;ock : Wydaw. Pa&#x144;stwowej Wy&#x17C;szej Szko&#x142;y Zawodowej, 2007. - </subfield>
    <subfield code="g">s. 175-184.</subfield>
  </datafield>
  <datafield tag="830" ind1=" " ind2="0">
    <subfield code="a">Zeszyty Naukowe Pa&#x144;stwowej Wy&#x17C;szej Szko&#x142;y Zawodowej w P&#x142;ocku. Nauki Ekonomniczne. </subfield>
    <subfield code="v">t. 7</subfield>
  </datafield>
  <datafield tag="942" ind1=" " ind2=" ">
    <subfield code="c">ROZ</subfield>
    <subfield code="2">UKD</subfield>
  </datafield>
  <datafield tag="999" ind1=" " ind2=" ">
    <subfield code="c">7821</subfield>
    <subfield code="d">7821</subfield>
  </datafield>
</record>
